000 00395nam a2200169 i 4500
001 bg
100 1 _aLANSDOWN, John.
245 0 _aGrafika komputerowa /
_cJ. Lansdown.
260 _aWarszawa,
_c1990.
490 1 _aMikrokomputery
650 9 _aGrafika komputerowa
830 _aMikrokomputery
040 _cBPK
041 _apol
942 _cKS
008 s pl f |000 0 pol
999 _c4180
_d4180
856 _uhttp://koha.tu.koszalin.pl/cgi-bin/koha/opac-detail.pl?biblionumber=4180
_yKatalog online BPK